000 00913cam a22003137a 4500
001 17317576
003 Nust- CAS-E
005 20180118181401.0
008 120524s2013 nyua 001 0 eng d
010 _a 2012940581
020 _a9781111318208
020 _a1111318204
035 _a(OCoLC)ocn810155393
040 _aG7G
_cG7G
_dOCLCO
_dYDXCP
_dBWX
_dDLC
042 _alccopycat
050 0 0 _aTK2931
_b.G54 2013
082 _a621.31
_bGLE 2013
100 1 _aGleason, William.
245 1 0 _aFuel cell technician's guide /
_cWilliam Gleason.
250 _a1st ed.
260 _aClifton Park, NY :
_bDelmar,
_cc2013.
300 _avii, 322 p. :
_bill. ;
_c28 cm.
500 _aIncludes index.
650 0 _aFuel cells.
906 _a7
_bcbc
_ccopycat
_d2
_encip
_f20
_gy-gencatlg
942 _2ddc
_cBK
999 _c355427
_d355427